000 00653nam a2200193Ia 4500
003 GCL
005 20240530102845.0
008 140319s9999 xx 000 0 ara d
040 _aGCL /
_cGCL
082 0 4 _a377.1/
_bأ ط
100 0 _aابراهيم محمد عطا
245 1 0 _aطرق تدريس التربية الاسلامية /
_cابراهيم محمد عطا
260 _a[S.N] :
_bمكتبة النهضة المصرية ،
_c1988
300 _a243 ص ؛
_c24سم
650 0 4 _aطرق التدريس
650 0 4 _aالتربية الاسلامية - طرق تدريس
650 0 4 _aالتربية الاسلامية
942 _2ddc
_cBK
999 _c34964
_d34964